Memorandum To Parliament. Revision To The Investment Policy And Management Of The Ghana Petroleum Funds In Accordance With Section 30(1)(A) Of The Petroleum Revenue Management Act 2011 (ACT815) (Record no. 5759)

MARC details
000 -LEADER
fixed length control field 00713nam a22001577a 4500
003 - CONTROL NUMBER IDENTIFIER
control field OSt
005 - DATE AND TIME OF LATEST TRANSACTION
control field 20251119151142.0
008 - FIXED-LENGTH DATA ELEMENTS--GENERAL INFORMATION
fixed length control field 251119b |||||||| |||| 00| 0 eng d
041 ## - LANGUAGE CODE
Language code of text/sound track or separate title Eng
082 ## - DEWEY DECIMAL CLASSIFICATION NUMBER
Classification number PM/GPF/25 ACC No: 12,002
245 ## - TITLE STATEMENT
Title Memorandum To Parliament. Revision To The Investment Policy And Management Of The Ghana Petroleum Funds In Accordance With Section 30(1)(A) Of The Petroleum Revenue Management Act 2011 (ACT815)
260 ## - PUBLICATION, DISTRIBUTION, ETC.
Place of publication, distribution, etc. Accra
Name of publisher, distributor, etc. Parliament Of Ghana
Date of publication, distribution, etc. 2025
300 ## - PHYSICAL DESCRIPTION
Extent 8p;Graph
650 ## - SUBJECT ADDED ENTRY--TOPICAL TERM
Topical term or geographic name entry element Revision To The Investment Policy And Management Of The Ghana Petroleum Funds In Accordance With Section 30(1)(A) Of The Petroleum Revenue Management Act 2011 (ACT815)
942 ## - ADDED ENTRY ELEMENTS (KOHA)
Source of classification or shelving scheme Dewey Decimal Classification
Koha item type Memorandum
Suppress in OPAC No
Holdings
Withdrawn status Lost status Source of classification or shelving scheme Damaged status Not for loan Home library Current library Shelving location Date acquired Total checkouts Full call number Date last seen Copy number Price effective from Koha item type
    Dewey Decimal Classification     Main Library Main Library Open Shelves 19/11/2025   PM/GPF/25 ACC No: 12,002 19/11/2025 1 19/11/2025 Memorandum
    Dewey Decimal Classification     Main Library Main Library Open Shelves 19/11/2025   PM/GPF/25 ACC No: 12,003 19/11/2025 2 19/11/2025 Memorandum
    Dewey Decimal Classification     Main Library Main Library Open Shelves 19/11/2025   PM/GPF/25 ACC No: 12,004 19/11/2025 3 19/11/2025 Memorandum
©2026  Parliament of Ghana Library - All rights reserved